| 000 | 02303nam a22005777a 4500 | ||
|---|---|---|---|
| 003 | OSt | ||
| 005 | 20230816111433.0 | ||
| 008 | 220929b |||||||| |||| 00| 0 eng d | ||
| 040 | _cBiblioteca Lado V | ||
| 082 |
_a779.942.092 _bI12o |
||
| 100 |
_9938 _aIbarra, Alejandro _eeditor |
||
| 245 |
_aOrgullo/ _bGuía del dosmil diecinueve/ |
||
| 260 |
_bFrente por los derechos igualitarios _c2019 _aCosta Rica |
||
| 300 |
_a104p. _c16.5x21.5cm |
||
| 490 |
_v2019 _a6 |
||
| 505 |
_aEditorial _rDavid Ulloa |
||
| 505 |
_aHitos 2018-2019 _tMARGARITA SALAS |
||
| 505 |
_a+VIHVO QUE NUNCA _rANDRES RANGEL & NOLDO VEGA |
||
| 505 |
_aMINORIAS O MINORIZADOS? _rJOSE JIMENEZ |
||
| 505 |
_aHACKEAR EL SISTEMA DESDE DENTRO _tANA GABRIEL Z APONTE |
||
| 505 |
_aLA REVOLUCION COCHONA _gURA CALLEJAS |
||
| 505 |
_aTRASTORNO DE HETEROSEXUALIDAD _tMARIA SOTO |
||
| 505 |
_aSER LGBTIQ+ EN LA PERIFERIA _gMARIANA ALPIZAR |
||
| 505 |
_aGUANACASTE: HOGAR DE MUJERES TRANS _rANDREA RODRIGUEZ |
||
| 505 |
_aDEFENDER LA FAMILIA _gSHI ALARCON |
||
| 505 |
_aSHINNING BUT STILL WHINING _rANA MARCELA VEGA N. |
||
| 505 |
_aEPIFANIA DE UNA SOTANA _rWARREN GONZALEZ |
||
| 505 |
_aEL FUTURO ES INCLUSIVO _rMOMO |
||
| 505 | _aDRAGS BY COLORS | ||
| 505 |
_aYA NO TE ESPERO _rROY ACUÑA |
||
| 505 | _aCERTIFICADO DE EXISTENCIA | ||
| 505 |
_aEL CUMPLEAÑOS 15 _rSIAK |
||
| 505 | _aEL KIKI AMOR | ||
| 505 |
_aREPRESENTACIÓN LGBTIQ+ EN EL CINE Y TV _rOSCAR JIMENEZ |
||
| 505 | _aPAGINAS QUE PASAN DE MANO EN MANO | ||
| 505 |
_aBREN_18_No._CAM _gPABLO MILLER |
||
| 505 |
_aJIGOKU-DAYU _rGABRIEL VERDESIA |
||
| 505 |
_aPRIMAVERAS _rMARIAM WO CHING |
||
| 505 |
_aACTIVIDAD VOLC'ANICA _rMAU DURAN |
||
| 505 |
_aPOEMAS NO BINARIOS _gMELINA VALDELOMAR |
||
| 505 |
_aEXISTENCIA GRISACEA _rJOS'E DANIEL CLARKE |
||
| 505 |
_aCIENCIA, ALIADA O ENEMIGA? _rMIGUEL ROJAS |
||
| 505 |
_aPREP _rFRANCISCO RIOS |
||
| 650 |
_2Tesauro de Arte & Arquitectura _aARTE |
||
| 650 |
_2Tesauro de Arte & Arquitectura _aDIVERSIDAD |
||
| 650 |
_2Tesauro de Arte & Arquitectura _aORGULLO |
||
| 650 |
_2Tesauro de Arte & Arquitectura _aHOMOSEXUALIDAD |
||
| 650 |
_2Tesauro de Arte & Arquitectura _aCRITICA |
||
| 651 |
_2Tesauro de Arte & Arquitectura _aCOSTA RICA |
||
| 942 |
_2ddc _c1 _h779.942.092 _iI12o _n0 |
||
| 999 |
_c4127 _d4127 |
||